Ошибки в Географических Названиях - Statistics

General Stats
  • This quiz has been taken 961 times
  • The average score is 9 of 15
Answer Stats
Неправильное
написание
Правильное
написание
% Correct
Шведция Швеция
98%
Тайланд Таиланд
95%
Станбул Стамбул
95%
Дубаи Дубай
87%
Гонг-Конг Гонконг
86%
Лос-Анжелес Лос-Анджелес
86%
Башкоркостан Башкортостан
73%
Банкок Бангкок
68%
Йоганнесбург Йоханнесбург
54%
Макау Макао
52%
Гвиана (независимая страна) Гайана
40%
Йокогама Иокогама
33%
Харэр (столица Зимбабве) Хараре
28%
Ченнай Ченнаи
25%
Раджастан Раджастхан
10%
No matching quizzes found
Score Distribution
Percent of People with Each Score
Percentile by Number Answered
Your Score History
You have not taken this quiz